| 000 | 00504nam a2200193Ia 4500 | ||
|---|---|---|---|
| 008 | 140306s9999 xx 000 0 und d | ||
| 020 | _a8170187532 | ||
| 041 | _aeng | ||
| 082 |
_a331.31 _bBHA/CH |
||
| 100 | _aBhagwan PD, Singh | ||
| 245 | _aChildren at work : problems and plicy options | ||
| 260 |
_aNew Delhi _bB R Publishing Corporation _c1993 |
||
| 300 | _a274 | ||
| 365 | _bRs.225 | ||
| 650 | _aChild education | ||
| 650 | _aChild labour | ||
| 700 | _aShukla, Mahanty | ||
| 942 |
_2ddc _cBK |
||
| 999 |
_c182859 _d182859 |
||